书目信息 |
| 题名: |
和弦运用
|
|
| 作者: | 翟黑山 著 | |
| 分册: | ||
| 出版信息: | 北京 人民音乐出版社 2012.12 |
|
| 页数: | 86页 | |
| 开本: | 29cm | |
| 丛书名: | ||
| 单 册: | ||
| 中图分类: | J613.7 | |
| 科图分类: | ||
| 主题词: | ||
| 电子资源: | ||
| ISBN: | 978-7-103-04366-0 | |
| 000 | 00524nam0 2200169 450 | |
| 001 | 202411041563424591 | |
| 005 | 20241104143501.88 | |
| 010 | @a978-7-103-04366-0@d¥33.00 | |
| 100 | @a20241104d km y0chiy0120 ea | |
| 101 | 0 | @achi |
| 200 | 1 | @a和弦运用@AHe Xian Yun Yong@f翟黑山著@FZhai Hei Shan Zhu |
| 210 | @a北京@c人民音乐出版社@d2012.12 | |
| 215 | @a86页@d29cm | |
| 690 | @aJ613.7@v4 | |
| 701 | 0 | @a翟黑山@AZhai Hei Shan@4著 |
| 801 | 0 | @aCN@b大连网信软件有限公司图书馆·11@c20241104 |
| 905 | @aZUCC@b1058252@dJ613.7@e1684@f1 | |
| 和弦运用/翟黑山著.-北京:人民音乐出版社,2012.12 |
| 86页;29cm |
| ISBN 978-7-103-04366-0:¥33.00 |
| ● |
| 相关链接 |
|
|
|
|
正题名:和弦运用
索取号:J613.7/1684
 
预约/预借
| 序号 | 登录号 | 条形码 | 馆藏地/架位号 | 状态 | 备注 |
| 1 | 1058252 | 210582528 | 密集书库-音乐系/ [索取号:J613.7/1684] | 在馆 |